Numéros 10 des clubs de Ligue 1 (2023-2024) - Statistiques

Statistiques générales
  • Ce quiz a été pris 134 fois
    75 depuis la dernière actualisation
  • Le résultat moyen est 8 sur 17
Statistiques - réponses
Club Joueur Nationalité % Correct
Paris Saint-Germain Ousmane Dembélé Français
95%
Olympique Lyonnais Alexandre Lacazette Français
87%
Olympique de Marseille Pierre-Emerick Aubameyang Gabonais
87%
AS Monaco Wissam Ben Yedder Français
78%
LOSC Lille Rémy Cabella Français
65%
Stade Rennais Amine Gouiri Français
60%
Montpellier Wahbi Khazri Tunisien
60%
Stade de Reims Teddy Teuma Maltais
49%
RC Lens David Pereira Da Costa Portugais
38%
OGC Nice Sofiane Diop Français
32%
Stade Brestois Romain Del Castillo Français
29%
Clermont F63 Muhammed Cham Autrichien
27%
FC Lorient Romain Faivre Français
19%
RC Strasbourg Emanuel Emegha Néerlandais
14%
FC Nantes Marquinhos Brésilien
13%
Toulouse FC Ibrahim Cissoko Néerlandais
3%
Le Havre Nabil Alioui Français
3%
Aucun quiz correspondant
Distribution des résultats
% des personnes avec chaque résultat
Percentile par nombre de réponses
Votre historique - résultats
Vous n’avez pas pris ce quiz depuis la dernière actualisation